000 00442nam a2200181Ia 4500
001 9435
005 20260306161718.0
008 260306t1999||||xx |||||||||||||| ||spa||
041 _aESP
082 _a379
_bC76
100 _aForo Educativo
_eAUT
245 0 _aEducación y desarrollo humano:
_bvoces para un consenso
260 _c1999
300 _a102 páginas :
_c29 cm.
650 _aGEN
654 _aCED
942 _cLIB
_dJUS
_fJUS
_2ddc
_n
999 _c9435
_d9435